000 00588nam a22002297a 4500
003 UA-OsUOA
001 41902
007 ta
008 20061017b un ||||| |||| 00| 0 ukr d
100 _aКарсак Френсис
090 _a821.133.1
_bК26
942 _cBK
040 _aUA-OsUOA
_brus
_cUA-OsUOA
_dUA-OsUOA
245 _aЛьвы Эльдорадо
300 _a336 с.
955 _a3
041 _arus
080 _a821.133.1
260 _aК.
_bТПО "ДМ"
_c1992
650 7 _a82 Література. Літературознавство
_2UDC
999 _c328039
_d328039